=LDR 00000nam 2200000 4500 =001 INLIS000000000006311 =005 20220609103510 =035 ##$$a 0010-0622000172 =245 1#$$a Kulit, Karet dan Plastik /$c KEPALA BALAI BESAR KULIT, KARET DAN PLASTIK =110 #$$a BESAR, Kepala Balai =250 ##$$a Edisi Vol. 30 No. 1 Juni 2014 =300 ##$$a x, 1-52 halaman : $b Tabel, Gambar ; $c 21x28 cm =856 ##$$a OPAC (Rak Majalah) =260 ##$$a Yogyakarta :$b Balai Besar Kulit, Karet, dan Plastik,$c 2014 =082 ##$$a 050.29 =084 ##$$a 050.29 BES k =500 ##$$a Sifat fisika dan morfologi nanokomposit ABS/PC dengan filler nano precipitated calcium carbonate (NPCC) =990 ##$$a 414/MJ-14